El filo de la navaja / (Registro nro. 7400)
[ vista simple ]
| 000 -LEADER | |
|---|---|
| fixed length control field | 00813nam a22002537a 4500 |
| 003 - CONTROL NUMBER IDENTIFIER | |
| control field | OSt |
| 005 - DATE AND TIME OF LATEST TRANSACTION | |
| control field | 20250416084805.0 |
| 008 - FIXED-LENGTH DATA ELEMENTS--GENERAL INFORMATION | |
| fixed length control field | 210302s1965 sp ||||er|||| 00| f spa d |
| 020 ## - INTERNATIONAL STANDARD BOOK NUMBER | |
| International Standard Book Number | 190901965 |
| 040 ## - CATALOGING SOURCE | |
| Original cataloging agency | CO-JMCR |
| Transcribing agency | CO-JMCR |
| 041 1# - LANGUAGE CODE | |
| Language code of text/sound track or separate title | spa |
| Language code of original | eng |
| 082 04 - DEWEY DECIMAL CLASSIFICATION NUMBER | |
| Edition number | 23 |
| Classification number | A-N |
| Item number | MAUf |
| 100 1# - MAIN ENTRY--PERSONAL NAME | |
| Personal name | Maugham, William Somerse, |
| Relator term | autor |
| 9 (RLIN) | 14210 |
| 245 13 - TITLE STATEMENT | |
| Title | El filo de la navaja / |
| Statement of responsibility, etc. | W. Somerset Maugham ; traducción, Fernando Calleja |
| 260 ## - PUBLICATION, DISTRIBUTION, ETC. | |
| Place of publication, distribution, etc. | Barcelona : |
| Name of publisher, distributor, etc. | Ediciones G.P, |
| Date of publication, distribution, etc. | 1965 |
| 300 ## - PHYSICAL DESCRIPTION | |
| Extent | 317 páginas ; |
| Dimensions | 18 cm. |
| 500 ## - GENERAL NOTE | |
| General note | Título original: The razor´s edge |
| 546 ## - LANGUAGE NOTE | |
| Language note | Traducido del inglés |
| 650 14 - SUBJECT ADDED ENTRY--TOPICAL TERM | |
| Topical term or geographic name entry element | Novela inglesa |
| Chronological subdivision | Siglo xx |
| 9 (RLIN) | 7155 |
| 650 24 - SUBJECT ADDED ENTRY--TOPICAL TERM | |
| Topical term or geographic name entry element | Literatura inglesa |
| 9 (RLIN) | 563 |
| 650 24 - SUBJECT ADDED ENTRY--TOPICAL TERM | |
| Topical term or geographic name entry element | Ironía en la literatura |
| 9 (RLIN) | 14211 |
| 700 1# - ADDED ENTRY--PERSONAL NAME | |
| Personal name | Calleja, Fernando, |
| Relator term | autor |
| 9 (RLIN) | 14212 |
| 942 ## - ADDED ENTRY ELEMENTS (KOHA) | |
| Source of classification or shelving scheme | Dewey Decimal Classification |
| Koha item type | Books |
| Withdrawn status | Lost status | Source of classification or shelving scheme | Damaged status | Not for loan | Home library | Current library | Date acquired | Source of acquisition | Full call number | Barcode | Date last seen | Copy number | Koha item type | Public note |
|---|---|---|---|---|---|---|---|---|---|---|---|---|---|---|
| Dewey Decimal Classification | Biblioteca Pública José María del Castillo y Rada | Biblioteca Pública José María del Castillo y Rada | 02/25/2021 | Donación | A-N MAUf | 201811173 | 03/02/2021 | Ej.1 | Books | Exilibris: Manchas de oxido en portada |